| 000 | 00423nam a2200169Ia 4500 | ||
|---|---|---|---|
| 008 | 221030s9999 xx 000 0 und d | ||
| 020 | _a0074603396 | ||
| 041 | _aEnglish | ||
| 082 |
_a105.23 _bSin |
||
| 100 | _aR. P. Singh | ||
| 245 | 0 |
_aCommunication Systems : Analog & Digital _cby R. P. Singh, S. D. Sapra |
|
| 260 |
_bTMH _aNew Delhi _c1998 |
||
| 300 | _a592 | ||
| 650 | _aECE | ||
| 700 | _aS. D. Sapra | ||
| 942 | _cBK | ||
| 999 |
_c7842 _d7842 |
||